000 00961nam a22003250a 4500
001 PT46434
003 AR-LpoUNG
005 20260115112144.0
008 191001s2011||||ag |||||||||||||||||spa d
020 _a9789872544867
_c$64
040 _aAR-LpoUNG
_bspa
_cAR-LpoUNG
_eaacr
041 _aspa
044 _aag
082 0 _aR910.011 3 59arg
245 1 0 _aArgentina 500K :
_bcartografía topografíca de imagen en escala 1:500.000
250 _a2da. ed.
260 _aBuenos Aires :
_bInstituto Geográfico Nacional,
_c2011.
300 _a32, [344] p. :
_bfot, mapas
650 4 _aARGENTINA
650 4 _aATLAS
650 4 _aCARTOGRAFIA
650 4 _aMAPAS
650 4 _aTOPOGRAFIA
653 0 _aSIG
710 2 _aComisión Nacional de Actividades Espaciales (Argentina)
710 2 _aInstituto Geográfico Nacional (Argentina)
905 _a46434
942 _cLSALA
_2ddc
999 _c8182
_d8182